| 000 | 00463nam a2200181 4500 | ||
|---|---|---|---|
| 003 | SEACOMMC | ||
| 005 | 20250422150556.0 | ||
| 008 | 241023b |||||||| |||| 00| 0 eng d | ||
| 020 |
_a 978-93-88069-17-5 _cRs.150.00 |
||
| 040 | _aSEACOMMC | ||
| 082 |
_a512.74 _b M 297 |
||
| 100 | _aMapa, S.K | ||
| 245 | 1 |
_aHigher Algebra :Classical _cS.K. Mapa |
|
| 250 | _a7th rev.ed. | ||
| 260 |
_a Kolkata _b Levant Books _c 2005 |
||
| 650 | _aComplex Number | ||
| 942 | _cBOOK | ||
| 999 |
_c688 _d688 |
||